Migraciones en América Latina y el Caribe: la visión desde la CIOSL ORIT /
Salvato in:
| Autore principale: | |
|---|---|
| Altri autori: | |
| Natura: | testo |
| Lingua: | Spanish |
| Pubblicazione: |
Suiza:
Oficina de Actividades para los Trabajadores de la Oficina Internacional del Trabajo;
2002
|
| Soggetti: | |
| Tags: |
Aggiungi Tag
Nessun Tag, puoi essere il primo ad aggiungerne!!
|
MARC
| LEADER | 00000 a a2200000 04500 | ||
|---|---|---|---|
| 001 | 5567 | ||
| 003 | cru CIDCACS/IIS | ||
| 005 | 20230619110720.0 | ||
| 008 | 230619b |||||||| |||| 00| 0 spa d | ||
| 022 | |2 [sin ISSN] | ||
| 040 | |a Centro de Recursos para el Aprendizaje y la Investigación |b español |c cru CIDCACS/IIS | ||
| 090 | |a REV1617 (129) 2002 | ||
| 100 | |a González Alvarado, Iván | ||
| 245 | |a Migraciones en América Latina y el Caribe: |b la visión desde la CIOSL ORIT / |c Iván González Alvarado | ||
| 260 | |a Suiza: |b Oficina de Actividades para los Trabajadores de la Oficina Internacional del Trabajo; |c 2002 | ||
| 300 | |a páginas 114-121 | ||
| 500 | |a Colección Centroamérica | ||
| 650 | |a MIGRACION LABORAL | ||
| 650 | |a CONDICIONES DE TRABAJO | ||
| 650 | |a AMERICA LATINA | ||
| 700 | |a Sánchez, Hilda | ||
| 773 | |g número 129; páginas 114-121 |t Educación Obrera | ||
| 942 | |2 ddc |c PP |h REV1617 (129) 2002 |6 REV1617_129_2002 | ||
| 999 | |c 21518 |d 21518 | ||
| 773 | 0 | |0 45084 |9 9326 |a Oficina Internacional del Trabajo |d Suiza : Organización Internacional del Trabajo ; 1964-2005 |o 01743 |t Educación Obrera | |
